000 00870nam a2200241 i 4500
001 171568
003 ES-MaACL
005 20251009191129.0
008 090520s1978 sp |||| | spa d
017 _aM 27506-1978
020 _a84-220-0874-2
245 0 0 _aSan Francisco de Asís
_b: escritos, biografías, documentos de la época /
_cedición preparada por José Antonio Guerra.
260 _aMadrid :
_bLa Editorial Católica,
_c1978.
300 _aXIII, 1092 p., [2] map. :
_bil. ;
_c20 cm.
490 1 _aBiblioteca de autores cristianos ;
_v399
500 _aÍndices.
504 _aIncluye referencias bibliográficas.
600 0 4 _aFrancisco de Asís
_cSanto.
_952189
700 1 _aGuerra Zubillaga, José Antonio
_9140250
830 0 0 _aBiblioteca de autores cristianos
_v399
_9178679
852 _aES-MaACL
_jJ-390
_9R.46092
999 _c171568
_d171568